| 000 | 01223nam0a2200301 4500 | ||
|---|---|---|---|
| 001 | RU\NLR\bibl\94428 | ||
| 005 | 20250617080942.0 | ||
| 010 |
_a5-7677-0381-7 _9200 |
||
| 021 |
_aRU _b2000-7225 _9361 |
||
| 035 | _a(NLR Aleph) 000092274 | ||
| 090 |
_a518113 _c518113 |
||
| 100 | _a20000626d1999 |||y0rusy50 ca | ||
| 101 | 0 | _arus | |
| 102 | _aRU | ||
| 105 | _ay ||||||||| | ||
| 200 | 1 |
_aПроблемы государственного регулирования в электроэнергетике в условиях формирования рыночных конкурентных отношений _fА.Г. Петров |
|
| 210 |
_aЧебоксары _cИзд-во Чуваш. ун-та _d1999 |
||
| 215 |
_a89, [1] c. _d20 |
||
| 320 | _aБиблиогр.: с. 89 (9 назв.) | ||
| 606 | 0 |
_aЭнергетическая промышленность _xУправление _91538023 _3RU\NLR\auth\66971615 |
|
| 686 | _aУ30(2)57-21 | ||
| 700 | 1 |
_aПетров _bА. Г. _gАлексей Геннадьевич _4070 |
|
| 801 | 0 |
_aRU _bNLR _c20000626 _gPSBO |
|
| 801 | 1 |
_aRU _bNLR _c20000626 |
|
| 852 |
_aNLR _j2000-4/2586 |
||
| 942 | _cBOOK | ||
| 980 | _aNB | ||